000 01322nam a22003737a 4500
001 216
003 FISKH
005 20230307140816.0
008 230306b cb ||||| |||| 00| 0 eng d
020 _a9780590479639
040 _aDLC
_cDLC
_dDLC
_dFISKH
_beng
050 0 0 _aHV1624.K4
_bL86 1995
082 0 0 _a362.4/1/092
_aB
_220
100 1 _aLundell, Margo.
245 1 2 _aA girl named Helen Keller /
_cby Margo Lundell ; illustrated by Irene Trivas.
246 3 0 _aHelen Keller
260 _aNew York :
_bScholastic
_c1995.
300 _a23 leaves of plates
_bcol. ill. ;
_c23 cm.
505 _aH
520 _aRecounts the life of Helen Keller, who had lost her sight and hearing by age 2, focusing on her early childhood and how her teacher Anne Sullivan succeeded in teaching her to understand the manual alphabet.
521 0 _a520
_bLexile
521 1 _aH
_bRaz-Plus
600 1 0 _aKeller, Helen,
_d1880-1968
_vJuvenile literature.
600 1 1 _aKeller, Helen,
_d1880-1968.
650 0 _aDeafblind women
_zUnited States
_vBiography
_vJuvenile literature.
650 1 _aBlind.
650 1 _aBlindness
650 1 _aDeaf.
650 1 _aPeople with disabilities.
650 1 _aWomen
_vBiography.
700 1 _aTrivas, Irene,
_eill.
906 _a7
_bcbc
_corignew
_d1
_eocip
_f19
_gy-gencatlg
942 _2ddc
_cBK
_n0
999 _c216
_d216